[Event "Bad Griesbach Senioren op 2011 14th"]
[Site "Bad Griesbach (4.12.-10.12)"]
[Date "2011.12.07"]
[Round "4.14"]
[White "Bilyavskyy, Borys"]
[Black "Krase, Peter-Axel"]
[Result "1/2-1/2"]
[WhiteElo "1757"]
[BlackElo "1694"]
[PlyCount "82"]
[EventDate "2011.12.??"]
[EventType "swiss"]
[EventRounds "7"]
[EventCountry "GER"]
[WhiteTeam "Ergolding FC"]
[BlackTeam "Kareth-Lappersdorf TSV"]

1. e4 c5 2. Nf3 Nc6 3. Bc4 d6 4. Nc3 Nf6 5. h3 a6 6. a4 g6 7. d4 cxd4 8. Nxd4
Bd7 9. O-O Bg7 10. Be3 O-O 11. Qd2 Qc8 12. Be2 Qc7 13. f4 e6 14. Rad1 Nxd4 15.
Bxd4 e5 16. fxe5 dxe5 17. Be3 Rad8 18. Qe1 Bc6 19. Qh4 Rxd1 20. Bxd1 Qd6 21.
Kh1 Nd7 22. Be2 Qb4 23. Bc1 Nc5 24. Qe7 Nd3 25. Qxb4 Nxb4 26. Bc4 Nxc2 27. Bg5
Nd4 28. Be7 Rc8 29. Bxf7+ Kh8 30. Ba2 h5 31. Bg5 Rf8 32. Rf7 Rxf7 33. Bxf7 Kh7
34. Kg1 Bf8 35. Kf1 Kg7 36. Bd5 Bb4 37. Bxc6 Nxc6 38. Nd5 Kf7 39. Ke2 b5 40.
axb5 axb5 41. Kd3 Ba5 1/2-1/2

[Event "Bad Griesbach Senioren op 2011 14th"]
[Site "Bad Griesbach (4.12.-10.12)"]
[Date "2011.12.07"]
[Round "4.16"]
[White "Simmon, Norbert"]
[Black "Ulmer, Heinz"]
[Result "0-1"]
[WhiteElo "1580"]
[BlackElo "1649"]
[PlyCount "40"]
[EventDate "2011.12.??"]
[EventType "swiss"]
[EventRounds "7"]
[EventCountry "GER"]
[WhiteTeam "München Schwabing SG"]
[BlackTeam "Adlkofen SC"]

1. g3 d5 2. d4 Nf6 3. Bg2 Bf5 4. Nf3 e6 5. O-O c5 6. c4 Nc6 7. Qa4 Qd7 8. Nc3
cxd4 9. cxd5 exd5 10. Nxd4 Be6 11. Rd1 Bc5 12. Nxe6 fxe6 13. a3 O-O 14. e3 Qf7
15. b4 Bb6 16. Qc2 Ng4 17. Nxd5 Qh5 18. Nxb6 Qxh2+ 19. Kf1 axb6 20. f3 Rxf3+
0-1

[Event "Bad Griesbach Senioren op 2011 14th"]
[Site "Bad Griesbach (4.12.-10.12)"]
[Date "2011.12.07"]
[Round "4.17"]
[White "Erhard, Walter sr(45)"]
[Black "Post, Hermann Dr(35)"]
[Result "0-1"]
[WhiteElo "1263"]
[BlackElo "1532"]
[PlyCount "78"]
[EventDate "2011.12.??"]
[EventType "swiss"]
[EventRounds "7"]
[EventCountry "GER"]
[WhiteTeam "Regensburg Bavaria SC"]
[BlackTeam "Rottal SC"]

1. d4 f5 2. c4 Nf6 3. Nf3 g6 4. g3 Bg7 5. Bg2 O-O 6. Nc3 c6 7. O-O d6 8. Qc2
Qc7 9. b3 e5 10. dxe5 dxe5 11. e3 Be6 12. Ng5 Bf7 13. Nxf7 Rxf7 14. Bb2 Nbd7
15. Rad1 Rd8 16. Ne2 Rff8 17. f4 Ng4 18. e4 Ne3 19. Qd2 Nxd1 20. Rxd1 Nc5 21.
Qc2 Rxd1+ 22. Qxd1 Rd8 23. Qc2 fxe4 24. b4 Nd3 25. Bxe4 Nxb2 26. Qxb2 exf4 27.
Qc2 fxg3 28. Nxg3 Qe5 29. Kg2 Qg5 30. Qb3 Qd2+ 31. Kh3 Qc3 32. Bc2 Rd2 33. c5+
Qxb3 34. Bxb3+ Kf8 35. Ne4 Rd3+ 36. Kg4 Rd4 37. Kf3 Rxb4 38. Ng5 Bh6 39. Nf7
Rxb3+ 0-1

[Event "Bad Griesbach Senioren op 2011 14th"]
[Site "Bad Griesbach (4.12.-10.12)"]
[Date "2011.12.07"]
[Round "4.18"]
[White "Laber, Dietrich"]
[Black "Mlinar, Denis"]
[Result "1-0"]
[WhiteElo "1573"]
[BlackElo "1153"]
[PlyCount "79"]
[EventDate "2011.12.??"]
[EventType "swiss"]
[EventRounds "7"]
[EventCountry "GER"]
[WhiteTeam "Steinsfurt Botvinnik SF"]
[BlackTeam "AUT/ Salzburg-Süd SC"]
[BlackTeamCountry "AUT"]

1. Nf3 d6 2. d4 g6 3. c4 Bg7 4. b3 c5 5. Bb2 cxd4 6. Bxd4 Bxd4 7. Qxd4 Nf6 8.
g3 O-O 9. Bg2 Nc6 10. Qb2 Qa5+ 11. Nbd2 Ne4 12. O-O Nxd2 13. Nxd2 Qe5 14. Qxe5
Nxe5 15. Rad1 Rb8 16. Ne4 b6 17. Nc3 Bb7 18. e4 a6 19. h3 f5 20. f4 Nd7 21. e5
Bxg2 22. Kxg2 Rbd8 23. exd6 e6 24. Rfe1 Kf7 25. b4 Nb8 26. c5 bxc5 27. bxc5 Nc6
28. Na4 Rb8 29. Nb6 Nb4 30. Nd7 Rfd8 31. Nxb8 Rxb8 32. Rb1 Rb5 33. Rec1 Nxa2
34. Rxb5 axb5 35. Ra1 Nb4 36. Ra5 Ke8 37. Rxb5 Nd5 38. Rb7 Nf6 39. c6 Kd8 40.
Rb8# 1-0

[Event "Bad Griesbach Senioren op 2011 14th"]
[Site "Bad Griesbach (4.12.-10.12)"]
[Date "2011.12.07"]
[Round "4.19"]
[White "Jurgan, Brigitte"]
[Black "Zeiger, Frank"]
[Result "0-1"]
[WhiteElo "1239"]
[BlackElo "1475"]
[PlyCount "70"]
[EventDate "2011.12.??"]
[EventType "swiss"]
[EventRounds "7"]
[EventCountry "GER"]
[WhiteTeam "Bad Reichenhall SF"]
[BlackTeam "Spremberg FSV"]

1. d4 d5 2. Nf3 e6 3. c3 Bd6 4. g3 Ne7 5. Bg2 Nd7 6. O-O b6 7. Re1 Bb7 8. b4
O-O 9. Bg5 f6 10. Bc1 c5 11. a3 e5 12. dxe5 fxe5 13. Bg5 h6 14. Bxe7 Qxe7 15.
b5 e4 16. Nfd2 e3 17. Nf3 exf2+ 18. Kxf2 Ne5 19. Kg1 Ng4 20. Qd2 Ne3 21. Kf2
Rae8 22. Kg1 d4 23. a4 Nxg2 24. Kxg2 Bxf3+ 25. exf3 Qxe1 26. Qxe1 Rxe1 27. cxd4
cxd4 28. f4 Rc8 29. Kf2 Rcc1 30. f5 Rxb1 31. Rxb1 Rxb1 32. Ke2 Bc5 33. h4 Rb3
34. g4 Rh3 35. h5 d3+ 0-1

[Event "Bad Griesbach Senioren op 2011 14th"]
[Site "Bad Griesbach (4.12.-10.12)"]
[Date "2011.12.08"]
[Round "5.1"]
[White "Pribyl, Josef"]
[Black "Kugelmann, Werner"]
[Result "1-0"]
[WhiteElo "2249"]
[BlackElo "2090"]
[PlyCount "67"]
[EventDate "2011.12.??"]
[EventType "swiss"]
[EventRounds "7"]
[EventCountry "GER"]
[WhiteTeam "Ludwigshafen Schachhaus"]
[BlackTeam "Wertingen TSV"]

1. e4 d6 2. d4 Nf6 3. Nc3 g6 4. f4 Bg7 5. Nf3 O-O 6. Bd3 c5 7. dxc5 dxc5 8. Be3
Qa5 9. Bd2 Nc6 10. e5 Ne8 11. Ne4 Qc7 12. h4 h5 13. Bc4 Nd4 14. c3 Nxf3+ 15.
gxf3 e6 16. Qe2 Bd7 17. Be3 b6 18. O-O-O Bc6 19. Ng5 Bh6 20. f5 Bxg5 21. Bxg5
Ng7 22. fxg6 fxg6 23. Rhf1 b5 24. Bd3 Nf5 25. Rg1 Kh7 26. Bxb5 Bxb5 27. Qxb5
Rf7 28. Qc4 Qc6 29. Qe4 Rc8 30. Qxc6 Rxc6 31. Rd8 Nh6 32. Rgd1 Rfc7 33. f4 Ng4
34. R1d6 1-0

[Event "Bad Griesbach Senioren op 2011 14th"]
[Site "Bad Griesbach (4.12.-10.12)"]
[Date "2011.12.08"]
[Round "5.2"]
[White "Weinwurm, Wolfgang"]
[Black "Johnsen, Gunnar"]
[Result "1/2-1/2"]
[WhiteElo "2132"]
[BlackElo "2137"]
[PlyCount "82"]
[EventDate "2011.12.??"]
[EventType "swiss"]
[EventRounds "7"]
[EventCountry "GER"]
[WhiteTeam "Ternitz-Gloggnitz Spg."]
[BlackTeam "NOR/Tromsoe Sjakklubb"]
[BlackTeamCountry "NOR"]

1. e4 e6 2. d4 d5 3. Nc3 Bb4 4. e5 Ne7 5. a3 Bxc3+ 6. bxc3 b6 7. a4 Ba6 8. Bxa6
Nxa6 9. Qd3 Nb8 10. Ne2 Nbc6 11. O-O Qd7 12. c4 Na5 13. cxd5 Qxd5 14. Nf4 Qc6
15. Ba3 Nd5 16. Qe4 O-O-O 17. Ne2 Nc4 18. Rfd1 a5 19. Nc3 Kb7 20. Nb5 f5 21.
exf6 gxf6 22. Re1 Rhe8 23. Bc1 Rc8 24. g3 f5 25. Qf3 Nb4 26. Qxc6+ Kxc6 27. Na3
Kd5 28. Re2 c6 29. c3 Nd3 30. Nc2 f4 31. Ba3 Ndb2 32. Bxb2 Nxb2 33. Na3 Nc4 34.
Nc2 b5 35. Kf1 fxg3 36. hxg3 Rb8 37. Ne3+ Nxe3+ 38. Rxe3 b4 39. Re5+ Kd6 40.
Rxa5 bxc3 41. Rc1 Rb3 1/2-1/2

[Event "Bad Griesbach Senioren op 2011 14th"]
[Site "Bad Griesbach (4.12.-10.12)"]
[Date "2011.12.08"]
[Round "5.3"]
[White "Aigner, Georg"]
[Black "Wawrinsky, Ludwig"]
[Result "1/2-1/2"]
[WhiteElo "1858"]
[BlackElo "1749"]
[PlyCount "74"]
[EventDate "2011.12.??"]
[EventType "swiss"]
[EventRounds "7"]
[EventCountry "GER"]
[WhiteTeam "Dietfurt TSV"]
[BlackTeam "Neuperlach SK"]

1. e4 e6 2. d4 b6 3. Nf3 Bb7 4. Bd3 c5 5. c3 d6 6. O-O Nf6 7. Qe2 Be7 8. e5
dxe5 9. dxe5 Nd5 10. Rd1 Qc7 11. a3 Qc8 12. c4 Nc7 13. Nc3 Nc6 14. Ne4 O-O 15.
Nd6 Bxd6 16. Bxh7+ Kxh7 17. Ng5+ Kg6 18. Qg4 f5 19. exf6 Kxf6 20. Rxd6 Nd4 21.
Qh4 Ke7 22. Rxd4 cxd4 23. Nh7+ Ke8 24. Nxf8 Kxf8 25. Qxd4 Ne8 26. Be3 Qd8 27.
Qg4 Qe7 28. Bd2 Nf6 29. Qf4 Kg8 30. Re1 Re8 31. Bc3 Nd7 32. Re3 e5 33. Qf5 Qd6
34. Rd3 Qh6 35. Qxd7 Bc6 36. Qd6 Re6 37. Qd8+ Re8 1/2-1/2

[Event "Bad Griesbach Senioren op 2011 14th"]
[Site "Bad Griesbach (4.12.-10.12)"]
[Date "2011.12.08"]
[Round "5.4"]
[White "Huhn, Ulrich"]
[Black "Macura, Emil"]
[Result "1/2-1/2"]
[WhiteElo "1835"]
[BlackElo "2229"]
[PlyCount "31"]
[EventDate "2011.12.??"]
[EventType "swiss"]
[EventRounds "7"]
[EventCountry "GER"]
[WhiteTeam "Berlin Siemensstadt SF"]
[BlackTeam "CZE/Zlinterm SK"]
[BlackTeamCountry "CZE"]

1. d4 Nf6 2. Nc3 d5 3. Bg5 Bf5 4. e3 e6 5. Bd3 Bxd3 6. Qxd3 c6 7. Nf3 Be7 8.
Ne5 Nbd7 9. f4 Qc7 10. O-O a6 11. a4 Qd6 12. Ne2 Ne4 13. Bxe7 Qxe7 14. Nxd7
Qxd7 15. Ng3 Nxg3 16. hxg3 1/2-1/2

[Event "Bad Griesbach Senioren op 2011 14th"]
[Site "Bad Griesbach (4.12.-10.12)"]
[Date "2011.12.08"]
[Round "5.5"]
[White "Schuster, Herbert"]
[Black "Leuschner, Guenter"]
[Result "0-1"]
[WhiteElo "1744"]
[BlackElo "1816"]
[PlyCount "104"]
[EventDate "2011.12.??"]
[EventType "swiss"]
[EventRounds "7"]
[EventCountry "GER"]
[WhiteTeam "Landshut SK"]
[BlackTeam "Nürnberg 1911 SK"]

1. d4 d5 2. Nf3 c6 3. Bf4 Nf6 4. h3 Qb6 5. Qc1 Nbd7 6. c3 Ne4 7. Nbd2 Ndf6 8.
e3 e6 9. Bd3 c5 10. Bxe4 Nxe4 11. Nxe4 dxe4 12. Nd2 f5 13. O-O Qb5 14. Be5 Qe2
15. Qd1 Qd3 16. Nb3 Qxd1 17. Rfxd1 b6 18. dxc5 bxc5 19. Rd2 Ba6 20. Rad1 Bd3
21. Na5 Kf7 22. Rxd3 exd3 23. Rxd3 Be7 24. Nc6 Bf6 25. f4 Rhc8 26. Rd7+ Ke8 27.
Rxa7 Rxa7 28. Nxa7 Ra8 29. Bxf6 gxf6 30. Nb5 Rxa2 31. b4 cxb4 32. cxb4 Rb2 33.
Nd4 Kd7 34. b5 Kd6 35. Kf1 Kd5 36. g4 fxg4 37. hxg4 e5 38. fxe5 fxe5 39. Ne2
Ke4 40. Nc3+ Kf3 41. Ke1 Kxg4 42. Kd1 h5 43. Kc1 Rb4 44. Kd2 h4 45. Ke2 Kg3 46.
e4 Kg2 47. Nd1 Rxe4+ 48. Ne3+ Kg1 49. Kd3 Rd4+ 50. Kc3 h3 51. b6 h2 52. b7 Rd8
0-1

[Event "Bad Griesbach Senioren op 2011 14th"]
[Site "Bad Griesbach (4.12.-10.12)"]
[Date "2011.12.08"]
[Round "5.6"]
[White "Bock, Ortwin"]
[Black "Klimpel, Siegfried"]
[Result "1-0"]
[WhiteElo "1846"]
[BlackElo "1677"]
[PlyCount "39"]
[EventDate "2011.12.??"]
[EventType "swiss"]
[EventRounds "7"]
[EventCountry "GER"]
[WhiteTeam "Landshut SK"]
[BlackTeam "Kareth-Lappersdorf TSV"]

1. e4 c6 2. f4 d5 3. Nf3 dxe4 4. Ng5 Nf6 5. Bc4 e6 6. Nc3 e3 7. Qe2 h6 8. Nge4
exd2+ 9. Bxd2 Be7 10. O-O-O Qc7 11. Nxf6+ Bxf6 12. Ne4 Be7 13. Qg4 g6 14. Bc3
e5 15. Qf3 f6 16. fxe5 f5 17. Qg3 g5 18. Nd6+ Kf8 19. Rhf1 f4 20. Rxf4+ 1-0

[Event "Bad Griesbach Senioren op 2011 14th"]
[Site "Bad Griesbach (4.12.-10.12)"]
[Date "2011.12.08"]
[Round "5.7"]
[White "Roesch, Alfred"]
[Black "Boldt, Heinrich"]
[Result "0-1"]
[WhiteElo "1594"]
[BlackElo "1751"]
[PlyCount "100"]
[EventDate "2011.12.??"]
[EventType "swiss"]
[EventRounds "7"]
[EventCountry "GER"]
[WhiteTeam "München Schwabing SG"]
[BlackTeam "Kareth-Lappersdorf TSV"]

1. e4 c5 2. Nf3 g6 3. c3 Bg7 4. d4 cxd4 5. cxd4 Nc6 6. Nc3 a6 7. Be2 e6 8. d5
Ne5 9. O-O Ne7 10. Bg5 Nxf3+ 11. Bxf3 f6 12. Be3 exd5 13. exd5 d6 14. Na4 b5
15. Nb6 Rb8 16. Nxc8 Rxc8 17. a4 O-O 18. axb5 axb5 19. Qb3 Rb8 20. Rfc1 Nf5 21.
Bg4 Nxe3 22. Be6+ Kh8 23. Qxe3 f5 24. Ra7 Ra8 25. Rcc7 Rxa7 26. Qxa7 Qf6 27.
Rc2 Qd4 28. Qxd4 Bxd4 29. Kf1 Ra8 30. Bd7 b4 31. b3 Bc3 32. Ke2 Kg7 33. Kf3 Ra7
34. Ba4 Ra5 35. Bc6 Kf6 36. Re2 Be5 37. g3 Rc5 38. Kg2 g5 39. f3 Rc3 40. h4
gxh4 41. gxh4 Rxb3 42. f4 Bxf4 43. Re6+ Kg7 44. Re7+ Kh6 45. Rf7 Rg3+ 46. Kf2
b3 47. Rb7 Be5 48. Ba4 b2 49. Bc2 Rg4 50. Bxf5 Rf4+ 0-1

[Event "Bad Griesbach Senioren op 2011 14th"]
[Site "Bad Griesbach (4.12.-10.12)"]
[Date "2011.12.08"]
[Round "5.8"]
[White "Klein, Reinhard"]
[Black "Sierian, Peter"]
[Result "1-0"]
[WhiteElo "1759"]
[BlackElo "1746"]
[PlyCount "111"]
[EventDate "2011.12.??"]
[EventType "swiss"]
[EventRounds "7"]
[EventCountry "GER"]
[WhiteTeam "München RTA SC"]
[BlackTeam "Aidenbach TSV"]

1. d4 Nf6 2. Nf3 d5 3. c4 c6 4. Nc3 e6 5. e3 Bd6 6. Bd3 Nbd7 7. O-O O-O 8. cxd5
exd5 9. Bd2 Re8 10. Qc2 Bb4 11. Ne2 Bxd2 12. Nxd2 Qe7 13. Rac1 Ne4 14. Nf3 Nf8
15. Ng3 Nxg3 16. hxg3 Bg4 17. Rfe1 Bxf3 18. gxf3 Qf6 19. Kg2 g6 20. Rh1 Re7 21.
Rh6 Qg5 22. Rch1 Kg7 23. R6h4 Rae8 24. Rg4 Qf6 25. f4 Kh8 26. Rh6 Qg7 27. Rgh4
f5 28. g4 Re6 29. g5 R6e7 30. Kf1 Qg8 31. b4 Ne6 32. Bxf5 gxf5 33. Qxf5 Nf8 34.
g6 Qg7 35. Qg5 Rd8 36. f5 Rd6 37. Rxh7+ Nxh7 38. Rxh7+ Qxh7 39. gxh7 Rxh7 40.
Qg3 Rhd7 41. Ke2 a6 42. a4 Rh6 43. Qe5+ Kh7 44. f3 Rf7 45. e4 Rhf6 46. Ke3 Kh6
47. Qf4+ Kg7 48. Qg4+ Kf8 49. Kf4 Ke7 50. Qg5 Kd7 51. a5 Kc7 52. e5 Rxf5+ 53.
Qxf5 Rxf5+ 54. Kxf5 b6 55. axb6+ Kxb6 56. e6 1-0

[Event "Bad Griesbach Senioren op 2011 14th"]
[Site "Bad Griesbach (4.12.-10.12)"]
[Date "2011.12.08"]
[Round "5.9"]
[White "Ruf, Karl"]
[Black "Koenigl, Anton"]
[Result "1/2-1/2"]
[WhiteElo "1567"]
[BlackElo "1655"]
[PlyCount "92"]
[EventDate "2011.12.??"]
[EventType "swiss"]
[EventRounds "7"]
[EventCountry "GER"]
[WhiteTeam "Neuperlach SK"]
[BlackTeam "Ergolding FC"]

1. e4 g6 2. c3 c6 3. d4 d5 4. exd5 cxd5 5. f4 Bg7 6. Nf3 Nh6 7. Bd3 O-O 8. Nbd2
Nc6 9. O-O Bf5 10. Bb5 Qc7 11. Nb3 f6 12. h3 Rad8 13. g4 Bc8 14. Nc5 a6 15. Ba4
b5 16. Bc2 e5 17. Qd2 Nf7 18. Nh2 Bh6 19. Qf2 e4 20. Be3 Nd6 21. Qh4 Bg7 22.
Rae1 Rde8 23. Bc1 a5 24. a3 Nb7 25. Nxb7 Bxb7 26. Bb3 Qd6 27. f5 a4 28. Ba2 Na5
29. fxg6 hxg6 30. Bf4 Qe7 31. Qg3 Rf7 32. Bd6 Qd7 33. Bb4 Nc4 34. Re2 Bh6 35.
Bb1 Nd2 36. Rfe1 Nxb1 37. Rxb1 Rc8 38. Nf1 Qc7 39. Qg2 Re8 40. Ne3 Qd7 41. Kh1
Qe6 42. Rf1 Bg5 43. Qg3 Kg7 44. Kg2 Bxe3 45. Qxe3 Bc8 46. Ref2 Rh8 1/2-1/2

[Event "Bad Griesbach Senioren op 2011 14th"]
[Site "Bad Griesbach (4.12.-10.12)"]
[Date "2011.12.08"]
[Round "5.10"]
[White "Kiefer, Herbert"]
[Black "Post, Hermann Dr(35)"]
[Result "1/2-1/2"]
[WhiteElo "1727"]
[BlackElo "1532"]
[PlyCount "128"]
[EventDate "2011.12.??"]
[EventType "swiss"]
[EventRounds "7"]
[EventCountry "GER"]
[WhiteTeam "Ansbach SC"]
[BlackTeam "Rottal SC"]

1. Nf3 c5 2. d4 cxd4 3. Nxd4 Nf6 4. Nc3 g6 5. e4 d6 6. Be2 Bd7 7. Be3 Bg7 8.
O-O O-O 9. Bf3 Nc6 10. Nd5 Nxd5 11. exd5 Nxd4 12. Bxd4 Bxd4 13. Qxd4 b6 14.
Rfe1 Re8 15. Re3 Rc8 16. c4 Rc7 17. Rae1 e5 18. dxe6 Rxe6 19. Bd5 Qf6 20. Qd2
Rxe3 21. Rxe3 Bc6 22. Bxc6 Rxc6 23. b3 Rc7 24. h3 Kg7 25. Rd3 Rd7 26. Rd5 Qe6
27. h4 h5 28. g3 Re7 29. Rxd6 Qe1+ 30. Qxe1 Rxe1+ 31. Kg2 Re2 32. a4 Rb2 33.
Rd3 Kf6 34. Kf3 Ke6 35. Ke3 f5 36. f4 Rb1 37. Kd4 Kd6 38. Kc3+ Kc6 39. b4 Rc1+
40. Kd4 Kd6 41. Re3 Rd1+ 42. Kc3 Rc1+ 43. Kb3 Rb1+ 44. Ka3 Ra1+ 45. Kb2 Rxa4
46. Rb3 Kc6 47. Kc3 Ra1 48. Kd4 Kd6 49. Rd3 a5 50. Kc3+ Ke6 51. bxa5 Rxa5 52.
Kb4 Rc5 53. Ra3 Kd6 54. Ra8 Kc7 55. Rg8 Rc6 56. Rg7+ Kb8 57. Kb5 Re6 58. c5
bxc5 59. Kxc5 Ra6 60. Kd5 Kc8 61. Ke5 Kd8 62. Kd4 Ke8 63. Ke3 Re6+ 64. Kf2 Ra6
1/2-1/2

[Event "Bad Griesbach Senioren op 2011 14th"]
[Site "Bad Griesbach (4.12.-10.12)"]
[Date "2011.12.08"]
[Round "5.11"]
[White "Ulmer, Heinz"]
[Black "Alefs, Heinz"]
[Result "0-1"]
[WhiteElo "1649"]
[BlackElo "1645"]
[PlyCount "118"]
[EventDate "2011.12.??"]
[EventType "swiss"]
[EventRounds "7"]
[EventCountry "GER"]
[WhiteTeam "Adlkofen SC"]
[BlackTeam "Eichenau SC"]

1. d4 f5 2. Qd3 d6 3. c4 Nf6 4. Nc3 g6 5. Nf3 Bg7 6. Bg5 O-O 7. Bxf6 Bxf6 8. h4
e5 9. dxe5 dxe5 10. Qxd8 Rxd8 11. Nd5 c6 12. Nxf6+ Kg7 13. Nxh7 Kxh7 14. Nxe5
Be6 15. Rd1 Na6 16. Rxd8 Rxd8 17. e3 Nb4 18. a3 Nc2+ 19. Ke2 Na1 20. Kf3 Nb3
21. Kf4 Kh6 22. Bd3 Nc5 23. Bb1 Rd2 24. b4 Na4 25. Kf3 Nc3 26. Rc1 Ne4 27. Bxe4
fxe4+ 28. Kg3 Kg7 29. f3 Re2 30. Rc3 Kf6 31. Ng4+ Kf5 32. Nf2 exf3 33. Kxf3 Rd2
34. g4+ Ke5 35. e4 Kd4 36. Re3 Bxc4 37. h5 gxh5 38. gxh5 Bf7 39. h6 Bh5+ 40.
Ng4 Bxg4+ 41. Kxg4 Kxe3 42. e5 Rg2+ 43. Kf5 Rf2+ 44. Kg6 Rg2+ 45. Kf7 Rf2+ 46.
Kg7 Rg2+ 47. Kh8 Ke4 48. e6 Rg6 49. e7 Rxh6+ 50. Kg7 Re6 51. Kf7 Kd5 52. e8=Q
Rxe8 53. Kxe8 b6 54. Kd7 c5 55. bxc5 bxc5 56. Kc7 c4 57. Kb7 c3 58. Kxa7 c2 59.
a4 c1=Q 0-1

[Event "Bad Griesbach Senioren op 2011 14th"]
[Site "Bad Griesbach (4.12.-10.12)"]
[Date "2011.12.08"]
[Round "5.12"]
[White "Kammel, Rudolf"]
[Black "Lamprecht, Rudolf"]
[Result "1/2-1/2"]
[WhiteElo "1626"]
[BlackElo "1818"]
[PlyCount "91"]
[EventDate "2011.12.??"]
[EventType "swiss"]
[EventRounds "7"]
[EventCountry "GER"]
[WhiteTeam "Regensburg Bavaria SC"]
[BlackTeam "Höhenkirchen SV"]

1. e4 e6 2. d3 d5 3. Nd2 dxe4 4. dxe4 Nc6 5. Ngf3 Bc5 6. c3 Nge7 7. b4 Bb6 8.
Bc4 Ng6 9. O-O O-O 10. Nb3 Qe7 11. Bg5 f6 12. Bd2 Kh8 13. Qc2 Nce5 14. Be2
Nxf3+ 15. Bxf3 e5 16. c4 c6 17. g3 Bh3 18. Rfe1 Rad8 19. Bc3 Rd7 20. Rad1 Rfd8
21. Rxd7 Rxd7 22. Rd1 Nf8 23. Rd2 Ne6 24. Qd1 Ng5 25. Qe2 Nxf3+ 26. Qxf3 Rxd2
27. Nxd2 Qd7 28. c5 Bc7 29. Qe2 Be6 30. Nf1 Kg8 31. a3 Bg4 32. f3 Be6 33. Qd2
Kf7 34. g4 h5 35. h3 hxg4 36. hxg4 Qe7 37. Bb2 Kf8 38. Bc1 Bf7 39. Ng3 Be6 40.
Qd3 Kf7 41. Be3 Qe8 42. Qd2 Qh8 43. Qh2 Qxh2+ 44. Kxh2 g6 45. Kg2 Bc4 46. Kf2
1/2-1/2

[Event "Bad Griesbach Senioren op 2011 14th"]
[Site "Bad Griesbach (4.12.-10.12)"]
[Date "2011.12.08"]
[Round "5.13"]
[White "Eglseder, Gottfried"]
[Black "Bilyavskyy, Borys"]
[Result "1/2-1/2"]
[WhiteElo "1617"]
[BlackElo "1757"]
[PlyCount "50"]
[EventDate "2011.12.??"]
[EventType "swiss"]
[EventRounds "7"]
[EventCountry "GER"]
[WhiteTeam "Germering SK"]
[BlackTeam "Ergolding FC"]

1. d4 Nf6 2. c4 e6 3. Nf3 d5 4. e3 c6 5. Nc3 Nbd7 6. Qc2 Be7 7. b3 Qa5 8. Bd2
Qd8 9. Bd3 g6 10. O-O O-O 11. e4 dxe4 12. Nxe4 Nxe4 13. Bxe4 Nf6 14. Bc3 Nxe4
15. Qxe4 Bf6 16. Rfd1 Qc7 17. Rac1 Bg7 18. Qh4 Qd8 19. Qe4 Re8 20. Qf4 Qf6 21.
Qc7 Qd8 22. Qg3 a5 23. Ne5 f6 24. Nd3 b6 25. a4 Bb7 1/2-1/2

[Event "Bad Griesbach Senioren op 2011 14th"]
[Site "Bad Griesbach (4.12.-10.12)"]
[Date "2011.12.08"]
[Round "5.14"]
[White "Strakos, Tomas"]
[Black "Slacik, Johann"]
[Result "1/2-1/2"]
[WhiteElo "1763"]
[BlackElo "1576"]
[PlyCount "96"]
[EventDate "2011.12.??"]
[EventType "swiss"]
[EventRounds "7"]
[EventCountry "GER"]
[WhiteTeam "CZE/Praga Praha"]
[BlackTeam "AUT/Westbahn Linz ESV"]
[WhiteTeamCountry "CZE"]
[BlackTeamCountry "AUT"]

1. c4 Nf6 2. Nc3 e6 3. Nf3 d5 4. d4 c6 5. e3 Nbd7 6. Bd3 dxc4 7. Bxc4 Nb6 8.
Bd3 Be7 9. O-O O-O 10. Qe2 Re8 11. Rd1 Nfd7 12. e4 Nf8 13. Be3 Bd7 14. a3 Rc8
15. b4 Bd6 16. e5 Be7 17. Ne4 Nd5 18. Bd2 Qc7 19. g3 f6 20. Rac1 fxe5 21. Nxe5
Bf6 22. Nxf6+ Nxf6 23. Bf4 Qd8 24. h4 Qe7 25. Nc4 Red8 26. Nd6 Be8 27. Nxc8
Rxc8 28. Be4 Qd7 29. Be5 Nd5 30. Re1 Qf7 31. Qg4 h5 32. Qe2 Nh7 33. Bxd5 exd5
34. Bf4 Bd7 35. Qe7 Re8 36. Qxf7+ Kxf7 37. f3 Rxe1+ 38. Rxe1 Nf8 39. Bb8 a6 40.
Re5 g6 41. Ba7 Be6 42. Re1 Nd7 43. Bc5 Kf6 44. Bd6 Nb6 45. Bf4 Nc4 46. Ra1 Nb6
47. a4 Nd7 48. Kf2 Nb6 1/2-1/2

[Event "Bad Griesbach Senioren op 2011 14th"]
[Site "Bad Griesbach (4.12.-10.12)"]
[Date "2011.12.08"]
[Round "5.15"]
[White "Krase, Peter-Axel"]
[Black "Dallmeier, Gerhard"]
[Result "1-0"]
[WhiteElo "1694"]
[BlackElo "1582"]
[PlyCount "61"]
[EventDate "2011.12.??"]
[EventType "swiss"]
[EventRounds "7"]
[EventCountry "GER"]
[WhiteTeam "Kareth-Lappersdorf TSV"]
[BlackTeam "Weißenfels Roland SK"]

1. e4 c5 2. Nf3 d6 3. d4 cxd4 4. c3 Nf6 5. Bd3 g6 6. cxd4 Bg7 7. Nc3 Nc6 8. h3
a6 9. Be3 Nd7 10. Rc1 e5 11. d5 Nb4 12. Bb1 a5 13. Nb5 Nc5 14. Nxd6+ Qxd6 15.
Bxc5 Qd7 16. O-O Na6 17. Ba3 f6 18. Bd3 Bf8 19. Qe2 Kf7 20. Bb5 Qd8 21. Bxf8
Rxf8 22. Rfd1 Qd6 23. Nd2 b6 24. Nc4 Qb8 25. Qe3 Nc5 26. Nxb6 Qxb6 27. Rxc5 Bb7
28. Rdc1 Kg8 29. Bd7 Ba6 30. Be6+ Kh8 31. Qh6 1-0

[Event "Bad Griesbach Senioren op 2011 14th"]
[Site "Bad Griesbach (4.12.-10.12)"]
[Date "2011.12.08"]
[Round "5.16"]
[White "Zeiger, Frank"]
[Black "Laber, Dietrich"]
[Result "1/2-1/2"]
[WhiteElo "1475"]
[BlackElo "1573"]
[PlyCount "60"]
[EventDate "2011.12.??"]
[EventType "swiss"]
[EventRounds "7"]
[EventCountry "GER"]
[WhiteTeam "Spremberg FSV"]
[BlackTeam "Steinsfurt Botvinnik SF"]

1. Nf3 Nf6 2. d4 e6 3. Bg5 Be7 4. c4 b6 5. Nc3 Bb7 6. Bxf6 Bxf6 7. e4 d6 8. Bd3
Nd7 9. b4 c5 10. bxc5 dxc5 11. e5 Be7 12. d5 O-O 13. Qc2 h6 14. h4 Re8 15.
O-O-O Bf8 16. Rhe1 g6 17. Bxg6 fxg6 18. Qxg6+ Bg7 19. dxe6 Nxe5 20. Rxe5 Qf6
21. Qxf6 Bxf6 22. Re3 Bxf3 23. Rxf3 Rxe6 24. Nd5 Rf8 25. Nxf6+ Rexf6 26. Rg3+
Kh8 27. f3 Rf4 28. Rd7 Rxc4+ 29. Kb2 Rg8 30. Rxg8+ Kxg8 1/2-1/2

[Event "Bad Griesbach Senioren op 2011 14th"]
[Site "Bad Griesbach (4.12.-10.12)"]
[Date "2011.12.08"]
[Round "5.17"]
[White "Zorn, Guenter"]
[Black "Mahrla, Hans Dr"]
[Result "0-1"]
[WhiteElo "1291"]
[BlackElo "1621"]
[PlyCount "104"]
[EventDate "2011.12.??"]
[EventType "swiss"]
[EventRounds "7"]
[EventCountry "GER"]
[WhiteTeam "Ergolding FC"]
[BlackTeam "Eichenau SC"]

1. d4 Nf6 2. Nf3 d5 3. c4 e6 4. Bg5 a6 5. Nc3 Be7 6. e3 dxc4 7. Bxc4 b5 8. Be2
Bb7 9. O-O Nbd7 10. a3 c5 11. b3 Rc8 12. Rc1 cxd4 13. Nxd4 Bxa3 14. Rc2 h6 15.
Bh4 O-O 16. Bf3 Qb6 17. Bxb7 Qxb7 18. Bg3 Rfe8 19. Nce2 e5 20. Nf3 Ne4 21. h3
Nxg3 22. Nxg3 Rxc2 23. Qxc2 Rc8 24. Qb1 Qc7 25. Rd1 Nf6 26. Qf5 Bb2 27. Nh5
Nxh5 28. Qxh5 Rd8 29. Rxd8+ Qxd8 30. Nxe5 Bxe5 31. Qxe5 Qd1+ 32. Kh2 Qxb3 33.
Qe8+ Kh7 34. Qe4+ g6 35. f4 Qe6 36. Qd3 b4 37. g4 a5 38. f5 Qe5+ 39. Kg2 gxf5
40. gxf5 h5 41. f6+ Kh6 42. e4 Qxf6 43. Qc4 Qe7 44. Qc6+ Qe6 45. Qd5 Qxd5 46.
exd5 Kg6 47. Kf3 Kf6 48. Ke4 b3 49. d6 Ke6 50. Kd4 Kxd6 51. Kc3 a4 52. Kb4 b2
0-1